El hombre fisico ó Anatomia humana fisico-filosófica / (Record no. 155394)

MARC details
000 -LEADER
campo de control de longitud fija 01135nam a2200217 i 4500
001 - NÚMERO DE CONTROL
campo de control 155394
003 - IDENTIFICADOR DE NÚMERO DE CONTROL
campo de control ES-MaACL
005 - FECHA Y HORA DE LA ÚLTIMA TRANSACCIÓN
campo de control 20250830063108.0
008 - DATOS DE LONGITUD FIJA--INFORMACIÓN GENERAL
campo de control de longitud fija 931025s1800 sp |||| | spa d
040 ## - FUENTE DE CATALOGACIÓN
Centro catalogador/agencia de origen CYL
Lengua de catalogación spa
Centro/agencia transcriptor PAB
100 1# - ENTRADA PRINCIPAL--NOMBRE DE PERSONA
Nombre de persona Hervás, Lorenzo,
Fechas asociadas al nombre 1735-1809
9 (RLIN) 63423
245 13 - MENCIÓN DEL TÍTULO
Título El hombre fisico ó Anatomia humana fisico-filosófica /
Mención de responsabilidad, etc. su autor ... Lorenzo Hervas ... ; tomo I [- II].
260 ## - PUBLICACIÓN, DISTRIBUCIÓN, ETC.
Lugar de publicación, distribución, etc. [Madrid] :
Nombre del editor, distribuidor, etc. en la imprenta de la Administracion del Real Arbitrio de Beneficencia :
-- se hallará en la librería de Ranz, Calle de la Cruz,
Fecha de publicación, distribución, etc. 1800.
300 ## - DESCRIPCIÓN FÍSICA
Extensión 2 t. ([8], 480 p., [1] h. de lám. ; [4], 564 p.) ;
Dimensiones 4º.
597 ## - NOTA DE DESCRIPCIÓN FÍSICA
NOTA DE DESCRIPCIÓN FÍSICA Sign.:*4, A-Z4, 2A-2Z4, 3A-3O4 ; [ ]2, A-Z4, 2A-2Z4, 3A-3Z4, 4A4, 4B2.
597 ## - NOTA DE DESCRIPCIÓN FÍSICA
NOTA DE DESCRIPCIÓN FÍSICA Cada tomo con portada, paginación y signatura propias.
599 ## - NOTA A LAS ILUSTRACIONES
NOTA A LAS ILUSTRACIONES La lámina del t. 1 es un retrato xilográfico de "Laurentius Hervás et Panduro", al pie: "Roma Dominic Cardellidel, Josef Ximeno sculp."
650 #4 - PUNTO DE ACCESO ADICIONAL DE MATERIA--TÉRMINO DE MATERIA
Término de materia o nombre geográfico como elemento de entrada Anatomía humana-
Subdivisión de forma Obras anteriores a 1800.
9 (RLIN) 157405
852 ## - LOCALIZACIÓN
Ubicación ES-MaACL
Número de control de estantería R-2745-46
Nota libre -- Enc. pasta española
Encuadernación Olim:G-9593-94
Holdings
Estatus retirado Estado de pérdida Estado de daño No para préstamo Biblioteca de origen Biblioteca actual Ubicación en estantería Fecha de adquisición Total de préstamos Signatura topográfica completa Código de barras Visto por última vez Precio de reemplazo Tipo de ítem Koha
        Biblioteca del Ateneo de Madrid Biblioteca del Ateneo de Madrid Depósito 17/01/2008   R-2745-46 1162547 23/02/2023 23/02/2023 Libro impreso antiguo